<?xml version="1.0" encoding="UTF-8"?>
<collection xmlns="http://www.loc.gov/MARC21/slim">
 <record>
  <leader>01242cam a2200313 a 4500</leader>
  <controlfield tag="001">TVCDKTCT77721</controlfield>
  <controlfield tag="005">20200601154648.000</controlfield>
  <controlfield tag="008">110727s2013    nyua          001 0 eng  </controlfield>
  <datafield tag="980" ind1="\" ind2="\">
   <subfield code="a">Thư viện Trường CĐ Kỹ Thuật Cao Thắng</subfield>
  </datafield>
  <datafield tag="024" ind1=" " ind2=" ">
   <subfield code="a">RG_1 #1 eb0 i1</subfield>
  </datafield>
  <datafield tag="010" ind1=" " ind2=" ">
   <subfield code="a">2011030527</subfield>
  </datafield>
  <datafield tag="020" ind1=" " ind2=" ">
   <subfield code="a">0073384275</subfield>
  </datafield>
  <datafield tag="020" ind1=" " ind2=" ">
   <subfield code="a">9780073384276</subfield>
  </datafield>
  <datafield tag="040" ind1=" " ind2=" ">
   <subfield code="a">DLC </subfield>
   <subfield code="c">DLC </subfield>
   <subfield code="d">DLC</subfield>
  </datafield>
  <datafield tag="042" ind1=" " ind2=" ">
   <subfield code="a">pcc</subfield>
  </datafield>
  <datafield tag="050" ind1="0" ind2="0">
   <subfield code="a">QA152.3 </subfield>
   <subfield code="b">.H335 2013</subfield>
  </datafield>
  <datafield tag="082" ind1="0" ind2="0">
   <subfield code="a">512 </subfield>
   <subfield code="2">23 </subfield>
   <subfield code="b">B201-I</subfield>
  </datafield>
  <datafield tag="100" ind1="1" ind2=" ">
   <subfield code="a">Hendricks, Andrea.</subfield>
  </datafield>
  <datafield tag="245" ind1="1" ind2="0">
   <subfield code="a">Beginning algebra / </subfield>
   <subfield code="c">Andrea Hendricks, Oiyin Pauline Chow.</subfield>
  </datafield>
  <datafield tag="250" ind1=" " ind2=" ">
   <subfield code="a">1st ed.</subfield>
  </datafield>
  <datafield tag="260" ind1=" " ind2=" ">
   <subfield code="a">New York : </subfield>
   <subfield code="b">McGraw-Hill, </subfield>
   <subfield code="c">2013</subfield>
  </datafield>
  <datafield tag="300" ind1=" " ind2=" ">
   <subfield code="a">xxxv, 710 p., [various pages] : </subfield>
   <subfield code="b">ill.(some col.) ; </subfield>
   <subfield code="c">29 cm.</subfield>
  </datafield>
  <datafield tag="500" ind1=" " ind2=" ">
   <subfield code="a">Includes index.</subfield>
  </datafield>
  <datafield tag="650" ind1=" " ind2="0">
   <subfield code="a">Algebra.</subfield>
  </datafield>
  <datafield tag="700" ind1="1" ind2=" ">
   <subfield code="a">Chow, Oiyin Pauline.</subfield>
  </datafield>
  <datafield tag="841" ind1="#" ind2="#">
   <subfield code="b">Kho Sách </subfield>
   <subfield code="j">100044870, 100044907, 100044966, 100044968, 100045017, 100045018, 100045019</subfield>
  </datafield>
  <datafield tag="906" ind1=" " ind2=" ">
   <subfield code="a">7 </subfield>
   <subfield code="b">cbc </subfield>
   <subfield code="c">orignew </subfield>
   <subfield code="d">1 </subfield>
   <subfield code="e">ecip </subfield>
   <subfield code="f">20 </subfield>
   <subfield code="g">y-gencatlg</subfield>
  </datafield>
  <datafield tag="925" ind1="0" ind2=" ">
   <subfield code="a">acquire </subfield>
   <subfield code="b">1 shelf copy </subfield>
   <subfield code="x">policy default</subfield>
  </datafield>
  <datafield tag="955" ind1=" " ind2=" ">
   <subfield code="b">xh52 2011-07-27 </subfield>
   <subfield code="i">xh52 2011-07-27 to Dewey </subfield>
   <subfield code="w">rd14 2011-07-27 </subfield>
   <subfield code="a">xn02 2012-02-06 1 copy rec'd., to CIP ver. </subfield>
   <subfield code="a">xn02 2012-04-19 additional copy received </subfield>
   <subfield code="f">rc17 2012-05-14 CIP ver. to BCCD (telework)</subfield>
  </datafield>
 </record>
</collection>
